La science-fiction (notice n° 1925059)
[ vue normale ]
| 000 -LEADER | |
|---|---|
| fixed length control field | 01240cam a2200133 4500500 |
| 005 - DATE AND TIME OF LATEST TRANSACTION | |
| control field | 20260329023139.0 |
| 041 ## - LANGUAGE CODE | |
| Language code of text/sound track or separate title | fre |
| 042 ## - AUTHENTICATION CODE | |
| Authentication code | dc |
| 100 10 - MAIN ENTRY--PERSONAL NAME | |
| Personal name | Bozzetto, Roger |
| Relator term | author |
| 245 00 - TITLE STATEMENT | |
| Title | La science-fiction |
| 260 ## - PUBLICATION, DISTRIBUTION, ETC. | |
| Name of publisher, distributor, etc. | Armand Colin,<br/> |
| Date of publication, distribution, etc. | 2007.<br/> |
| 520 ## - SUMMARY, ETC. | |
| Summary, etc. | La science-fiction propose des récits où les aventures des personnages dessinent, sous une forme réaliste, des mondes imaginaires. Ceux-ci, dérivés d’hypothèses ou d’inventions, s’accordent avec une conception du monde où sciences et techniques jouent un rôle déterminant. Les romans de science-fiction prennent pour point de départ le monde actuel ou une phase de son histoire. Ils en extrapolent les lignes narratives, permettant alors une interrogation critique ou simplement ludique sur le sentiment que nous avons de la réalité ou de la norme. Cet ouvrage présente un large éventail de cette littérature des « mondes possibles ». Il en décrit les racines et les évolutions, les thèmes et les principaux auteurs, ainsi que son influence sur le cinéma et la télévision. La science-fiction est un monde, c’est aussi le nôtre. |
| 856 41 - ELECTRONIC LOCATION AND ACCESS | |
| Uniform Resource Identifier | <a href="https://shs.cairn.info/la-science-fiction--9782200347178?lang=fr&redirect-ssocas=7080">https://shs.cairn.info/la-science-fiction--9782200347178?lang=fr&redirect-ssocas=7080</a> |
Pas d'exemplaire disponible.




Réseaux sociaux